000 00757nam a2200217Ia 4500
003 GCL
008 140319s9999 xx 000 0 ara d
040 _aGCL /
_cGCL
082 0 4 _a349
_bع م
100 1 _aعبدالمنعم محفوظ
245 1 0 _aالموظفون والحكومة بين الخضوع والمواجهه دراسة تحليلية وتأصيلية فى القانون المقارن /
_cعبدالمنعم محفوظ
260 _a[S.N] :
_bدار النهضة العربية ،
_c1989
300 _a479 ص
490 _a
650 0 4 _aالقانون المقارن
650 0 4 _aالموظفون
650 0 4 _aالتوظيف
650 0 4 _aتقييم الوظائف
650 0 4 _aتدريب الموظفون
942 _2ddc
_cBK
999 _c52727
_d52727